| 000 | 00889nam a2200193 i 4500 | ||
|---|---|---|---|
| 001 | 187848 | ||
| 003 | ES-MaACL | ||
| 005 | 20230906223038.0 | ||
| 008 | 180316s1899 xxk |||| | eng d | ||
| 110 | 0 |
_aGran Bretaña. _bForeign Office. _94480 |
|
| 245 | 1 | 0 |
_aSpain _b: report for the year 1898 on the trade and commerce of Corunna and consular district : reference to previous report, annual series nº 2061 / _cpresented to both Houses of Parliament by command of Her Majesty, april 1899. |
| 260 |
_aLondon : _bForeing Office, _c1899. |
||
| 300 |
_a43 p., 1 h. pleg. de map. ; _c25 cm. |
||
| 490 | 1 |
_aDiplomatic and consular reports. Annual series ; _v2216 |
|
| 651 | 4 |
_aEspaña- _xComercio exterior. _98178 |
|
| 830 | 0 |
_aDiplomatic and consular reports. Annual series ; _v2216 _9192842 |
|
| 852 |
_aES-MaACL _jT-951-F-6 _z.- Legado de González del Campillo |
||
| 999 |
_c187848 _d187848 |
||